Professionalism in healthcare. Part 2, Patient interactions, communication, and personal development. Call when late or absent /
This instructional video, from the Professionalism in Healthcare series produced by MedCom, Inc., is about making sure one notifies their workplace in cases of absence or lateness.
| Format: | Video |
|---|---|
| Language: | English |
| Language Notes: | In English. |
| Published: |
[Cypress, California] :
Medcom,
2012.
|
| Series: | Academic Video Online
|
| Subjects: | |
| Online Access: | Connect to this streaming video (Alexander Street Press) Connect to this streaming video (Alexander Street Press) |
MARC
| Tag | First Indicator | Second Indicator | Subfields |
|---|---|---|---|
| LEADER | 00000cgm a2200000 i 4500 | ||
| 001 | in00005567113 | ||
| 006 | m o c | ||
| 007 | cr |n||||||||a | ||
| 007 | vz |za|z| | ||
| 008 | 160919s2012 cau001 e o vleng d | ||
| 005 | 20241201232632.3 | ||
| 035 | |a (OCoLC)ocn959236298 | ||
| 040 | |a ALSTP |b eng |e rda |e pn |c ALSTP |d OCLCO |d OCLCF |d ORZ |d OCLCQ |d OCLCO |d CAUOI |d COD |d WYU |d UPM |d OCLCO |d OCLCA |d OCLCO |d OCLCQ |d NUI |d OCLCQ | ||
| 019 | |a 1430851088 |a 1443958199 | ||
| 035 | |a (OCoLC)959236298 |z (OCoLC)1430851088 |z (OCoLC)1443958199 | ||
| 082 | 0 | 4 | |a 610.730699 |q OCoLC |2 23/eng/20230216 |
| 049 | |a TXAM | ||
| 245 | 0 | 0 | |a Professionalism in healthcare. |n Part 2, |p Patient interactions, communication, and personal development. |p Call when late or absent / |c [produced by Medcom, Inc.]. |
| 246 | 3 | |a Call when late or absent | |
| 264 | 1 | |a [Cypress, California] : |b Medcom, |c 2012. | |
| 300 | |a 1 online resource (1 min.) | ||
| 306 | |a 000049 | ||
| 336 | |a two-dimensional moving image |b tdi |2 rdacontent | ||
| 337 | |a video |b v |2 rdamedia | ||
| 337 | |a computer |b c |2 rdamedia | ||
| 338 | |a other |b vz |2 rdacarrier | ||
| 338 | |a online resource |b cr |2 rdacarrier | ||
| 347 | |a data file |2 rda | ||
| 490 | 0 | |a Academic Video Online | |
| 500 | |a Title from resource description page (viewed September 19, 2016). | ||
| 520 | |a This instructional video, from the Professionalism in Healthcare series produced by MedCom, Inc., is about making sure one notifies their workplace in cases of absence or lateness. | ||
| 546 | |a In English. | ||
| 650 | 0 | |a Nursing ethics. | |
| 650 | 0 | |a Nursing |x Social aspects. | |
| 650 | 0 | |a Employee tardiness. | |
| 650 | 2 | |a Ethics, Nursing | |
| 650 | 6 | |a Infirmières |x Déontologie. | |
| 650 | 6 | |a Soins infirmiers |x Aspect social. | |
| 650 | 6 | |a Personnel |x Retard. | |
| 650 | 7 | |a Employee tardiness. |2 fast |0 (OCoLC)fst00909080 | |
| 650 | 7 | |a Nursing ethics. |2 fast |0 (OCoLC)fst01041889 | |
| 650 | 7 | |a Nursing |x Social aspects. |2 fast |0 (OCoLC)fst01041827 | |
| 655 | 7 | |a Film clips. |2 fast |0 (OCoLC)fst01726246 | |
| 655 | 7 | |a Instructional films. |2 fast |0 (OCoLC)fst01726236 | |
| 655 | 7 | |a Instructional films. |2 lcgft | |
| 655 | 7 | |a Film clips. |2 lcgft | |
| 655 | 7 | |a Films de formation. |2 rvmgf | |
| 710 | 2 | |a Medcom, inc., |e production company. | |
| 856 | 4 | 0 | |u http://proxy.library.tamu.edu/login?url=https://www.aspresolver.com/aspresolver.asp?MARC;3241589 |z Connect to this streaming video (Alexander Street Press) |t 0 |
| 856 | 4 | 0 | |u http://proxy.library.tamu.edu/login?url=https://www.aspresolver.com/aspresolver.asp?MARC;3241601 |z Connect to this streaming video (Alexander Street Press) |t 0 |
| 955 | |a Alexander Street Press subscription streaming video | ||
| 994 | |a 92 |b TXA | ||
| 999 | f | f | |s cbb2de1a-7432-47e1-9135-5dd6435c1fdf |i 28962e0a-b2bb-41e8-8a3e-39e850bfebb1 |t 0 |
| 952 | f | f | |a Texas A&M University |b College Station |c Electronic Resources |d Available Online |t 0 |h Library of Congress classification |
| 998 | f | f | |t 0 |l Available Online |